000 00567nam a22001817a 4500
999 _c61609
_d61609
005 20240329101845.0
008 240329s2019 enk||||| |||| 00| 0 eng d
020 _a9781498752282x
041 _aeng
080 _a657 O-90
100 _aOtero, Angel R.
_921631
245 _aInformation Technology Control and Audit /
_cAngel R. Otero.
250 _aFifth Edition
264 _aBoca Raton :
_bAuerbach Publications,
_c2019.
300 _a485 p.;
_b26 cm,.
653 _aსაინფორმაციო ტექნოლოგიები
942 _2udc
_cBK